| 000 | 00804nam a2200217Ia 4500 | ||
|---|---|---|---|
| 008 | 130821s2009 xxuao gr eng | ||
| 020 | _a9780415481502 | ||
| 040 |
_aCo-BoUCM _cnuevo _dHenry Ríos (modificó) _bspa |
||
| 041 | 0 | 0 | _aeng |
| 100 | 1 |
_aHughes, J. Donald _928190 |
|
| 245 | 1 | 3 |
_aAn environmental history of the world humankind's changing role in the community of life _cJ. Donald Hughes |
| 250 | _a2a ed. | ||
| 260 |
_aNueva York (Estados Unidos) _bRoutledge _c2009 |
||
| 300 |
_a306 páginas _bilustraciones, fotografías |
||
| 650 |
_aComunidades bióticas _911414 |
||
| 650 |
_aEcología humana _xHistoria _913643 |
||
| 650 |
_aNaturalez _xHistoria _928191 |
||
| 650 |
_aSociología _9386 |
||
| 942 |
_cLIBRO _a5 _e2 _mH893e 2a. Ed. _2DEWEY _h304.28 |
||
| 999 |
_c41309 _d41309 |
||